[Event "London Classic 13th"]
[Site "London"]
[Date "2023.12.02"]
[Round "2"]
[White "Niemann, Hans Moke"]
[Black "Adams, Michael"]
[Result "1/2-1/2"]
[WhiteElo "2659"]
[BlackElo "2670"]
[PlyCount "68"]
[EventDate "2023.12.01"]
[EventType "tourn"]
[EventRounds "9"]
[EventCountry "ENG"]
[EventCategory "16"]
[SourceTitle "CB50_2023"]
[SourceDate "2023.12.13"]
[SourceVersion "1"]
[SourceVersionDate "2023.12.13"]
[SourceQuality "1"]

1. c4 e5 2. g3 c6 3. Nf3 e4 4. Nd4 d5 5. cxd5 Qxd5 6. Nc2 Nf6 7. Nc3 Qe5 8. Bg2 Na6 9. 0-0 Be7 10. Ne3 0-0 11. a3 Nc7 12. b4 Nfd5 13. Nexd5 Nxd5 14. Bb2 Bf5 15. Qc2 Nxc3 16. Bxc3 Qe6 17. Qb2 Qg6 18. b5 h5 19. a4 h4 20. a5 a6 21. bxa6 bxa6 22. Ra4 Rfe8 23. Qb6 Bf8 24. Rc4 Re6 25. Qb7 Rae8 26. Qxa6 c5 27. Qb5 Qh5 28. a6 h3 29. Bh1 Qxe2 30. Rxc5 Bg4 31. Qxe2 Bxe2 32. Ra5 Rxa6 33. Rxa6 Bxa6 34. Re1 f5 1/2-1/2

[Event "EU-chT 24th"]
[Site "Budva"]
[Date "2023.11.17"]
[Round "6.3"]
[White "Bok, Benjamin"]
[Black "Adams, Michael"]
[Result "1/2-1/2"]
[WhiteElo "2621"]
[BlackElo "2670"]
[PlyCount "85"]
[EventDate "2023.11.11"]
[EventType "team-swiss"]
[EventRounds "9"]
[EventCountry "MNE"]
[SourceTitle "CB47_2023"]
[SourceDate "2023.11.22"]
[SourceVersion "1"]
[SourceVersionDate "2023.11.22"]
[SourceQuality "1"]
[WhiteTeam "Netherlands"]
[BlackTeam "England"]
[WhiteTeamCountry "NED"]
[BlackTeamCountry "ENG"]

1. d4 Nf6 2. c4 e6 3. g3 d5 4. Bg2 Bb4+ 5. Nd2 0-0 6. Ngf3 b6 7. 0-0 Bb7 8. b3 Nbd7 9. Bb2 Be7 10. Rc1 c5 11. e3 a5 12. Ne5 cxd4 13. Bxd4 Nxe5 14. Bxe5 Rc8 15. Qf3 Nd7 16. Bd4 Bf6 17. Qg4 e5 18. Ba1 e4 19. cxd5 Bxa1 20. Rxc8 Qxc8 21. Rxa1 f5 22. Qd1 Bxd5 23. Rc1 Nc5 24. Bf1 Rd8 25. Qc2 h6 26. Nc4 Bxc4 27. Bxc4+ Kh7 28. Rd1 g6 29. Kg2 h5 30. h4 Rxd1 31. Qxd1 Qd7 32. Qa1 b5 33. Be2 Qd2 34. Qf6 Qxe2 35. Qf7+ Kh8 36. Qf8+ Kh7 37. Qf7+ Kh8 38. Qf8+ Kh7 39. Qe7+ Kg8 40. Qe8+ Kg7 41. Qe7+ Kg8 42. Qe8+ Kg7 43. Qe7+ 1/2-1/2

[Event "EU-chT 24th"]
[Site "Budva"]
[Date "2023.11.15"]
[Round "5.3"]
[White "Adams, Michael"]
[Black "Kourkoulos Arditis, Stamatis"]
[Result "1-0"]
[WhiteElo "2670"]
[BlackElo "2543"]
[PlyCount "149"]
[EventDate "2023.11.11"]
[EventType "team-swiss"]
[EventRounds "9"]
[EventCountry "MNE"]
[SourceTitle "CB47_2023"]
[SourceDate "2023.11.22"]
[SourceVersion "1"]
[SourceVersionDate "2023.11.22"]
[SourceQuality "1"]
[WhiteTeam "England"]
[BlackTeam "Greece"]
[WhiteTeamCountry "ENG"]
[BlackTeamCountry "GRE"]

1. e4 e5 2. Nf3 Nc6 3. Bb5 a6 4. Ba4 Nf6 5. 0-0 Bc5 6. c3 b5 7. Bb3 d6 8. d4 Bb6 9. Be3 0-0 10. Nbd2 h6 11. h3 Re8 12. Bc2 Rb8 13. a4 exd4 14. cxd4 Nb4 15. Bb1 c5 16. Re1 cxd4 17. Nxd4 Bd7 18. axb5 axb5 19. N4f3 Bxe3 20. Rxe3 Qb6 21. Nf1 Rbd8 22. Ng3 Nc6 23. Ba2 Be6 24. Bxe6 Rxe6 25. Rd3 Nxe4 26. Nxe4 Rxe4 27. Rxd6 Rd4 28. Qxd4 Qxd4 29. Nxd4 Rxd6 30. Nxb5 Rd2 31. Rb1 Nb4 32. Nc3 f5 33. b3 Rc2 34. Nd1 f4 35. Nb2 Kf7 36. Nc4 Kf6 37. Rd1 Rc3 38. Rd4 Rxb3 39. Rxf4+ Ke6 40. Rg4 Kf6 41. Nd2 Rb2 42. Ne4+ Ke5 43. f3 g5 44. h4 Nd5 45. Nf2 Rb1+ 46. Kh2 Nf6 47. Ra4 Rb5 48. Ra6 gxh4 49. Kh3 Kf5 50. Kxh4 h5 51. Ra4 Nd5 52. Nh3 Nf6 53. Rc4 Ra5 54. Kg3 Rb5 55. Rc7 Kg6 56. Nf4+ Kf5 57. Rf7 Kg5 58. Rg7+ Kf5 59. Nh3 Ke6 60. Kh4 Rb4+ 61. Kg5 Rb5+ 62. Kg6 Nd5 63. Kh6 h4 64. Rg6+ Ke7 65. Rg5 Kf6 66. Nf4 Nxf4 67. Rxb5 Nxg2 68. Kh5 h3 69. Kg4 h2 70. Rh5 Ne3+ 71. Kg3 Kg6 72. Rh8 Kg7 73. Rh3 Kg6 74. Kxh2 Kg5 75. Kg3 1-0

[Event "EU-chT 24th"]
[Site "Budva"]
[Date "2023.11.14"]
[Round "4.3"]
[White "Can, Emre"]
[Black "Adams, Michael"]
[Result "1/2-1/2"]
[WhiteElo "2566"]
[BlackElo "2670"]
[PlyCount "59"]
[EventDate "2023.11.11"]
[EventType "team-swiss"]
[EventRounds "9"]
[EventCountry "MNE"]
[SourceTitle "CB47_2023"]
[SourceDate "2023.11.22"]
[SourceVersion "1"]
[SourceVersionDate "2023.11.22"]
[SourceQuality "1"]
[WhiteTeam "Turkey"]
[BlackTeam "England"]
[WhiteTeamCountry "TUR"]
[BlackTeamCountry "ENG"]

1. d4 Nf6 2. c4 e6 3. Nf3 d5 4. g3 Be7 5. Bg2 0-0 6. 0-0 dxc4 7. Qc2 c6 8. Qxc4 b5 9. Qd3 Nbd7 10. Be3 a5 11. Rc1 Nd5 12. Nc3 b4 13. Nxd5 cxd5 14. Bf4 Ba6 15. Qd1 Ra7 16. Rc2 Qa8 17. Rac1 h6 18. Ne5 Nxe5 19. Bxe5 Rc8 20. h4 Rxc2 21. Qxc2 a4 22. b3 axb3 23. axb3 Bf8 24. Bf3 Bb5 25. Kg2 Bd7 26. h5 Ra2 27. Qc7 Ra7 28. Qc2 Ra2 29. Qc7 Ra7 30. Qc2 1/2-1/2

[Event "EU-chT 24th"]
[Site "Budva"]
[Date "2023.11.13"]
[Round "3.7"]
[White "Adams, Michael"]
[Black "Livaic, Leon"]
[Result "1-0"]
[WhiteElo "2670"]
[BlackElo "2553"]
[PlyCount "139"]
[EventDate "2023.11.11"]
[EventType "team-swiss"]
[EventRounds "9"]
[EventCountry "MNE"]
[SourceTitle "CB47_2023"]
[SourceDate "2023.11.22"]
[SourceVersion "1"]
[SourceVersionDate "2023.11.22"]
[SourceQuality "1"]
[WhiteTeam "England"]
[BlackTeam "Croatia"]
[WhiteTeamCountry "ENG"]
[BlackTeamCountry "CRO"]

1. e4 e6 2. d4 d5 3. e5 c5 4. c3 Nc6 5. Nf3 Qb6 6. Be2 cxd4 7. cxd4 Nge7 8. Na3 Nf5 9. Nc2 Bd7 10. 0-0 Rc8 11. Kh1 Na5 12. b3 Bb5 13. Bf4 Nc6 14. Bxb5 Qxb5 15. Rc1 h6 16. h3 Be7 17. Ne3 Nxe3 18. fxe3 Ba3 19. Rc2 0-0 20. Nh2 Ne7 21. Rcf2 Rc1 22. Qg4 Rxf1+ 23. Nxf1 Kh7 24. Ng3 Qd3 25. Kh2 Qg6 26. Qe2 a6 27. h4 Kg8 28. h5 Qh7 29. Nf1 Nc6 30. Qg4 Kh8 31. Bg3 Qd3 32. Bh4 Be7 33. Bxe7 Nxe7 34. Qh4 Nf5 35. Qf4 Qd1 36. g4 Ne7 37. Ng3 Qe1 38. Kg2 f6 39. exf6 Rxf6 40. Qb8+ Ng8 41. Rxf6 gxf6 42. Qxb7 Qd2+ 43. Kf3 Qd1+ 44. Kf2 Qd2+ 45. Ne2 Qxa2 46. Qb6 e5 47. Qb7 Qa5 48. Qd7 Qb5 49. Qxb5 axb5 50. Nc3 Ne7 51. Nxb5 Nc6 52. e4 Nb4 53. exd5 Nxd5 54. dxe5 fxe5 55. Kf3 Kg7 56. Ke4 Nf6+ 57. Kf5 e4 58. Nd4 e3 59. b4 Kf7 60. b5 Ke7 61. Ne2 Nd5 62. Kg6 Nf6 63. Kf5 Nd5 64. Kg6 Nf6 65. g5 hxg5 66. h6 Nd7 67. Kg7 Nf8 68. b6 Ne6+ 69. Kg8 Nf4 70. b7 1-0

[Event "Wch Seniors 50 31st"]
[Site "Terassini"]
[Date "2023.10.28"]
[Round "4"]
[White "Adams, Michael"]
[Black "Cummings, David H"]
[Result "1-0"]
[WhiteElo "2670"]
[BlackElo "2325"]
[PlyCount "109"]
[EventDate "2023.10.25"]
[EventType "swiss"]
[EventRounds "11"]
[EventCountry "ITA"]
[SourceTitle "Mega2024 Update 01"]
[Source "Chessbase"]
[SourceDate "2023.11.12"]
[SourceVersion "1"]
[SourceVersionDate "2023.11.12"]
[SourceQuality "1"]

1. e4 c6 2. d4 d5 3. e5 c5 4. c3 Nc6 5. Be2 Bf5 6. Nf3 e6 7. 0-0 cxd4 8. Nxd4 Nge7 9. Bb5 Qc7 10. Na3 Be4 11. Qe2 a6 12. Ba4 Qa5 13. Bc2 Nxd4 14. cxd4 Bxc2 15. Nxc2 Rc8 16. Rd1 h5 17. h3 Qb5 18. Rd3 Nf5 19. Qd1 h4 20. Ne3 Be7 21. Rb3 Qd7 22. Nxf5 exf5 23. Rb6 0-0 24. Qb3 Rc6 25. Rxb7 Qe6 26. Bd2 Rfc8 27. Re1 Bd8 28. Bc3 Rb6 29. Rxb6 Bxb6 30. Qd1 Rc4 31. Qd3 a5 32. b3 Rc8 33. Bd2 g6 34. Bg5 Qc6 35. Bxh4 Qc3 36. Rd1 Qxd3 37. Rxd3 Rc1+ 38. Kh2 Kf8 39. a4 Rc2 40. f3 Ke8 41. Bg5 Kd7 42. h4 Bd8 43. Bd2 Rb2 44. g3 f4 45. Kh3 fxg3 46. Kxg3 Rb1 47. Bg5 Bb6 48. Be3 Rb2 49. Rc3 Re2 50. f4 Re1 51. f5 gxf5 52. h5 Rh1 53. h6 f4+ 54. Bxf4 Bxd4 55. Rd3 1-0

[Event "Bundesliga 2324"]
[Site "Germany"]
[Date "2023.10.21"]
[Round "1.5"]
[White "Adams, Michael"]
[Black "Fromm, Marius"]
[Result "1-0"]
[WhiteElo "2670"]
[BlackElo "2472"]
[PlyCount "70"]
[EventDate "2023.10.21"]
[EventType "team-tourn"]
[EventRounds "15"]
[EventCountry "GER"]
[SourceTitle "Mega2024 Update 01"]
[Source "Chessbase"]
[SourceDate "2023.11.12"]
[SourceVersion "1"]
[SourceVersionDate "2023.11.12"]
[SourceQuality "1"]
[WhiteTeam "Baden-Baden"]
[BlackTeam "Kiel Turm"]
[WhiteTeamCountry "GER"]
[BlackTeamCountry "GER"]

1. e4 e5 2. Nf3 Nc6 3. Bb5 a6 4. Ba4 Nf6 5. 0-0 d6 6. c3 Bd7 7. Re1 g6 8. d4 Bg7 9. h3 0-0 10. Bc2 Nh5 11. Be3 Qe8 12. Nbd2 Kh8 13. a4 f5 14. dxe5 f4 15. Bd4 dxe5 16. Bc5 Rf6 17. Qe2 Bf8 18. Bxf8 Rxf8 19. b4 g5 20. b5 axb5 21. axb5 Na5 22. Nxe5 Ng3 23. fxg3 Qxe5 24. gxf4 gxf4 25. Nf3 Qxc3 26. e5 Rae8 27. Kh1 b6 28. Rad1 Re7 29. Rd4 Bxb5 30. Qxb5 Qxc2 31. e6 Qg6 32. Rd7 Rfe8 33. Qe5+ Qg7 34. Qxc7 Qf6 35. Re4 Rxe6 1-0

[Event "WchT Seniors 50"]
[Site "Struga"]
[Date "2023.09.23"]
[Round "5.1"]
[White "Adams, Michael"]
[Black "Shabalov, Alexander"]
[Result "1/2-1/2"]
[WhiteElo "2662"]
[BlackElo "2465"]
[PlyCount "37"]
[EventDate "2023.09.19"]
[EventType "team-swiss"]
[EventRounds "9"]
[EventCountry "MKD"]
[SourceTitle "EXT 2024"]
[Source "ChessBase"]
[SourceDate "2023.10.10"]
[SourceVersion "1"]
[SourceVersionDate "2023.10.10"]
[SourceQuality "1"]
[WhiteTeam "England 50"]
[BlackTeam "United States 50"]
[WhiteTeamCountry "ENG"]
[BlackTeamCountry "USA"]

1. e4 c5 2. Nf3 Nc6 3. Bb5 e6 4. 0-0 Nge7 5. c3 a6 6. Ba4 b5 7. Bc2 Bb7 8. Re1 Rc8 9. a4 Ng6 10. axb5 axb5 11. d4 cxd4 12. Nxd4 Nxd4 13. cxd4 Bb4 14. Bd2 Bxd2 15. Nxd2 0-0 16. Nf3 f5 17. Bb1 Nf4 18. exf5 Qf6 19. Ra7 1/2-1/2

[Event "Berlin Armageddon Euro&Africa L"]
[Site "Berlin"]
[Date "2023.06.14"]
[Round "1.3"]
[White "Donchenko, Alexander"]
[Black "Adams, Michael"]
[Result "1-0"]
[WhiteElo "2667"]
[BlackElo "2666"]
[PlyCount "152"]
[EventDate "2023.06.14"]
[EventType "k.o."]
[EventRounds "4"]
[EventCountry "GER"]
[SourceTitle "CBM 214 Extra"]
[Source "ChessBase"]
[SourceDate "2023.07.31"]
[SourceVersion "1"]
[SourceVersionDate "2023.07.31"]
[SourceQuality "1"]

1. c4 e5 2. g3 Nf6 3. Bg2 h6 4. a3 Nc6 5. Nc3 a6 6. e3 Bc5 7. Nge2 Ba7 8. b4 d6 9. Bb2 0-0 10. 0-0 Re8 11. h3 Ne7 12. d4 Ng6 13. Rc1 Qe7 14. dxe5 Nxe5 15. Nd5 Nxd5 16. cxd5 Bb6 17. Qc2 Bd7 18. Kh2 a5 19. Rfd1 axb4 20. axb4 Ba4 21. Qc3 Bxd1 22. Rxd1 Ra2 23. Nc1 Rxb2 24. Qxb2 Qf6 25. Qc2 h5 26. Nb3 Ra8 27. Nd4 h4 28. g4 g6 29. f4 Nd7 30. g5 Qe7 31. Qf2 Ra3 32. e4 Rg3 33. Qc2 Bxd4 34. Rxd4 Ne5 35. Qe2 c5 36. bxc5 dxc5 37. d6 Qe6 38. Rd5 Nd7 39. Qc2 b5 40. Rd2 c4 41. Rd5 Nb6 42. f5 gxf5 43. exf5 Qe8 44. Rd4 Qe5 45. Qe4 Rxh3+ 46. Kg1 Qxe4 47. Bxe4 c3 48. d7 Nxd7 49. Rxd7 Re3 50. Bc2 Re2 51. Bb3 c2 52. Bxc2 Rxc2 53. f6 Rc5 54. Kh2 Rxg5 55. Rd8+ Kh7 56. Rd7 Kg6 57. Kh3 Rg3+ 58. Kxh4 Rf3 59. Rd6 Rxf6 60. Rd5 b4 61. Rb5 Rf5 62. Rxb4 Rf6 63. Rb5 Kh6 64. Rc5 Kg7 65. Kg3 Rg6+ 66. Kf4 Rf6+ 67. Kg4 Rg6+ 68. Kf4 Kf6 69. Ke3 Ke7 70. Rb5 Rc6 71. Ra5 Kd6 72. Kd4 Rb6 73. Rd5+ Kc7 74. Rf5 f6 75. Rf3 Rb4+ 76. Kc5 Rb6 1-0

[Event "Berlin Armageddon Euro&Africa W"]
[Site "Berlin"]
[Date "2023.06.12"]
[Round "1.2"]
[White "Duda, Jan Krzysztof"]
[Black "Adams, Michael"]
[Result "1-0"]
[WhiteElo "2732"]
[BlackElo "2666"]
[PlyCount "87"]
[EventDate "2023.06.12"]
[EventType "k.o."]
[EventRounds "4"]
[EventCountry "GER"]
[SourceTitle "CBM 214 Extra"]
[Source "ChessBase"]
[SourceDate "2023.07.31"]
[SourceVersion "1"]
[SourceVersionDate "2023.07.31"]
[SourceQuality "1"]

1. d4 Nf6 2. c4 e6 3. g3 Bb4+ 4. Bd2 Bxd2+ 5. Qxd2 d5 6. Bg2 0-0 7. Nf3 Nbd7 8. 0-0 dxc4 9. a4 Qe7 10. Na3 e5 11. dxe5 Nxe5 12. Nxe5 Qxe5 13. Nxc4 Qe7 14. a5 a6 15. Rac1 Rd8 16. Qf4 Nd5 17. Qe5 Qxe5 18. Nxe5 c6 19. Rfd1 Be6 20. Nd3 Nc7 21. Nc5 Rxd1+ 22. Rxd1 Rb8 23. Nxb7 Bd5 24. Nc5 g6 25. e4 Be6 26. Rb1 Ba2 27. Ra1 Rxb2 28. Bf1 Bb1 29. f3 Kg7 30. Nxa6 Ne6 31. Ra3 Bc2 32. Rc3 Bd1 33. Nc5 Nd4 34. f4 Nf3+ 35. Rxf3 Bxf3 36. a6 Ra2 37. h4 Bg4 38. e5 Bc8 39. Bd3 Ra5 40. Nb7 Ra3 41. Nc5 Rc3 42. a7 Ra3 43. Ba6 Rxa6 44. Nxa6 1-0

[Event "UK-UKR Solidarity m"]
[Site "London"]
[Date "2023.03.29"]
[Round "7"]
[White "Volokitin, Andrei"]
[Black "Adams, Michael"]
[Result "1/2-1/2"]
[WhiteElo "2665"]
[BlackElo "2687"]
[PlyCount "72"]
[EventDate "2023.03.21"]
[EventType "match"]
[EventRounds "8"]
[EventCountry "ENG"]
[SourceTitle "CBM 213 Extra"]
[Source "ChessBase"]
[SourceDate "2023.05.31"]
[SourceVersion "1"]
[SourceVersionDate "2023.05.31"]
[SourceQuality "1"]

1. e4 e5 2. Nf3 Nc6 3. Bc4 Bc5 4. c3 Nf6 5. d4 exd4 6. e5 d5 7. Bb5 Ne4 8. cxd4 Bb6 9. Nc3 0-0 10. Be3 Bg4 11. h3 Bh5 12. Qc2 Ba5 13. 0-0 Bxf3 14. gxf3 Ng5 15. Kg2 Bxc3 16. bxc3 f5 17. f4 Ne6 18. Qa4 Qd7 19. Qd1 a6 20. Be2 Ne7 21. h4 Rac8 22. h5 c5 23. dxc5 Nxc5 24. c4 Ne6 25. cxd5 Nxd5 26. Kg3 Rfd8 27. Bf3 g5 28. hxg6 hxg6 29. Qxd5 Qxd5 30. Bxd5 Rxd5 31. Rfd1 Rcd8 32. Rxd5 Rxd5 33. a4 Kf7 34. Kf3 g5 35. fxg5 Rxe5 36. Rh1 f4 1/2-1/2